000 00204nam a22000977a 4500
003 SGT
245 _aTHE AMERICAN JOURNAL OF PUBLIC HEALTH
260 _bAPHA AMERICA
_c2011
300 _a950
942 _2ddc
_cBV
999 _c18901
_d18901